Vista normal
Vista MARC
Entrada Personal Name
Número de registros utilizados en: 2
001 - CONTROL NUMBER
- control field: 61
003 - CONTROL NUMBER IDENTIFIER
- control field: DO-SdBNP
005 - DATE AND TIME OF LATEST TRANSACTION
- control field: 20161208104406.0
008 - FIXED-LENGTH DATA ELEMENTS
- fixed length control field: 161208|| aca||aabn | a|a d
040 ## - CATALOGING SOURCE
- Original cataloging agency: DO-SdBNP
100 1# - HEADING--PERSONAL NAME
- Personal name: Piñon, Nélida,
- Dates associated with a name: 1937-
670 ## - SOURCE DATA FOUND
- Source citation: Voces del desierto
- Information found: tomado de la portada
670 ## - SOURCE DATA FOUND
- Source citation: Biografías y vidas
- Uniform Resource Identifier: http://www.biografiasyvidas.com/biografia/p/pinon.htm